000 00736nam a2200241 a 4500
003 OSt
005 20240216094540.0
008 100811s2018 xx 000 0 spa d
020 _a978025633754
040 _aDO-SdBNP
_bspa
_cBPMSU
082 4 _a923.173
_bO12b 2018
_222
100 1 _aObama, Michelle,
_d1964-
100 z _aGómez, Carlos Nina
245 1 0 _aBecoming /
_c Michelle Obama
260 _aEstados Unidos :
_bThe United States of America,
_c2018
300 _axvi, 675v p. :
_bil., fots. ;
_c23 cm.
500 _a
590 _aInventariado, 2024/VM
600 1 4 _aObama, Michelle
_d1964-
650 4 _aEsposas de presidentes
_vBiografías
_zEstados Unidos
_y
910 _aVMateo V. Control de calidad. BPMSU
942 _2ddc
_cBK
999 _c14571
_d14571